Facts, values, and norms : (Record no. 121316)
[ view plain ]
| 000 -LEADER | |
|---|---|
| fixed length control field | 01758cam a22003494a 4500 |
| 001 - CONTROL NUMBER | |
| control field | 4111150 |
| 003 - CONTROL NUMBER IDENTIFIER | |
| control field | ARRUPE |
| 005 - DATE AND TIME OF LATEST TRANSACTION | |
| control field | 20141126124223.0 |
| 008 - FIXED-LENGTH DATA ELEMENTS--GENERAL INFORMATION | |
| fixed length control field | 020403s2003 enk b 001 0 eng |
| 010 ## - LIBRARY OF CONGRESS CONTROL NUMBER | |
| LC control number | 2002066522 |
| 020 ## - INTERNATIONAL STANDARD BOOK NUMBER | |
| International Standard Book Number | 0521416973 |
| 020 ## - INTERNATIONAL STANDARD BOOK NUMBER | |
| International Standard Book Number | 0521426936 (pbk.) |
| 035 ## - SYSTEM CONTROL NUMBER | |
| System control number | (OCoLC)ocm49617105 |
| 035 ## - SYSTEM CONTROL NUMBER | |
| System control number | (NNC)4111150 |
| 040 ## - CATALOGING SOURCE | |
| Original cataloging agency | DLC |
| Transcribing agency | DLC |
| Modifying agency | VVC |
| 042 ## - AUTHENTICATION CODE | |
| Authentication code | pcc |
| 050 00 - LIBRARY OF CONGRESS CALL NUMBER | |
| Classification number | BJ1012 |
| Item number | .R33 2003 |
| 082 00 - DEWEY DECIMAL CLASSIFICATION NUMBER | |
| Classification number | 170 |
| Edition number | 21 |
| 300 ## - PHYSICAL DESCRIPTION | |
| Dimensions | 24 cm. |
| 100 1# - MAIN ENTRY--PERSONAL NAME | |
| Personal name | Railton, Peter Albert. |
| 9 (RLIN) | 12858 |
| 245 10 - TITLE STATEMENT | |
| Title | Facts, values, and norms : |
| Remainder of title | essays toward a morality of consequence / |
| Statement of responsibility, etc | Peter Railton. |
| 260 ## - PUBLICATION, DISTRIBUTION, ETC. (IMPRINT) | |
| Place of publication, distribution, etc | Cambridge, U.K. ; |
| -- | New York : |
| Name of publisher, distributor, etc | Cambridge University Press, |
| Date of publication, distribution, etc | 2003. |
| 300 ## - PHYSICAL DESCRIPTION | |
| Extent | xx, 388 p. ; |
| 490 1# - SERIES STATEMENT | |
| Series statement | Cambridge studies in philosophy |
| 504 ## - BIBLIOGRAPHY, ETC. NOTE | |
| Bibliography, etc | Includes bibliographical references and index. |
| 505 0# - FORMATTED CONTENTS NOTE | |
| Formatted contents note | Moral realism -- Facts and values -- Noncognitivism about rationality -- Aesthetic value, moral value, and the ambitions of naturalism -- Red, bitter, good -- Alienation, consequentialism, and the demands of morality -- Locke, stock, and peril -- How thinking about character and utilitarianism might lead to rethinking the character of utilitarianism -- Pluralism, dilemma, and the expression of moral conflict -- On the hypothetical and non-hypothetical in reasoning about thought and action -- Normative force and normative freedom -- Morality, ideology, and reflection, or, the duck sits yet. |
| 650 #0 - SUBJECT ADDED ENTRY--TOPICAL TERM | |
| Topical term or geographic name as entry element | Ethics. |
| 9 (RLIN) | 12859 |
| 830 #0 - SERIES ADDED ENTRY--UNIFORM TITLE | |
| Uniform title | Cambridge studies in philosophy. |
| 9 (RLIN) | 12860 |
| 856 42 - ELECTRONIC LOCATION AND ACCESS | |
| Materials specified | Publisher description |
| Uniform Resource Identifier | <a href="http://www.loc.gov/catdir/description/cam031/2002066522.html">http://www.loc.gov/catdir/description/cam031/2002066522.html</a> |
| 856 41 - ELECTRONIC LOCATION AND ACCESS | |
| Materials specified | Table of contents |
| Uniform Resource Identifier | <a href="http://www.loc.gov/catdir/toc/cam031/2002066522.html">http://www.loc.gov/catdir/toc/cam031/2002066522.html</a> |
| 942 ## - ADDED ENTRY ELEMENTS (KOHA) | |
| Source of classification or shelving scheme | Library of Congress Classification |
| Koha item type | Monograph ( Printed materials) |
| Withdrawn status | Lost status | Source of classification or shelving scheme | Damaged status | Not for loan | Collection code | Home library | Current library | Shelving location | Date acquired | Total Checkouts | Full call number | Barcode | Date last seen | Price effective from | Koha item type |
|---|---|---|---|---|---|---|---|---|---|---|---|---|---|---|---|
| Library of Congress Classification | Main Collection | ARRUPE LIBRARY | ARRUPE LIBRARY | Main Collection | 26/11/2014 | BJ1012 .R33 2003 | 46500001222 | 22/09/2016 | 26/11/2014 | Monograph ( Printed materials) |